Tribals and the Indian constitution: functioning of fifth schedule in the state (Record no. 5350)
[ view plain ]
| 000 -LEADER | |
|---|---|
| fixed length control field | 00579nam a2200193Ia 4500 |
| 020 ## - INTERNATIONAL STANDARD BOOK NUMBER | |
| ISBN | 81-316-0011-4 |
| 082 ## - DEWEY DECIMAL CLASSIFICATION NUMBER | |
| Classification number | 342.95402089 BEH-T |
| 100 ## - MAIN ENTRY--AUTHOR NAME | |
| Personal name | Behura, N.K. |
| 245 #0 - TITLE STATEMENT | |
| Title | Tribals and the Indian constitution: functioning of fifth schedule in the state |
| 260 ## - PUBLICATION, DISTRIBUTION, ETC. (IMPRINT) | |
| Place of publication | Jaipur |
| Name of publisher | Rawat Publications |
| Year of publication | 2006 |
| 300 ## - PHYSICAL DESCRIPTION | |
| Number of Pages | xvi, 384 |
| 504 ## - BIBLIOGRAPHY, ETC. NOTE | |
| Bibliography, etc | includes bibliography and index |
| 650 ## - SUBJECT ADDED ENTRY--TOPICAL TERM | |
| Topical Term | Trbal government |
| Geographic subdivision | Orissa |
| 650 ## - SUBJECT ADDED ENTRY--TOPICAL TERM | |
| Topical Term | Tribal development |
| Geographic subdivision | Orissa |
| 650 ## - SUBJECT ADDED ENTRY--TOPICAL TERM | |
| Topical Term | Constitutional law |
| Geographic subdivision | India |
| 650 ## - SUBJECT ADDED ENTRY--TOPICAL TERM | |
| Topical Term | Tribes |
| Geographic subdivision | Orissa |
| 700 ## - ADDED ENTRY--PERSONAL NAME | |
| Personal name | Panigrahi, Nilakantha |
| 942 ## - ADDED ENTRY ELEMENTS (KOHA) | |
| Koha item type | Books |
| Withdrawn status | Lost status | Damaged status | Not for loan | Home library | Current library | Date acquired | Source of acquisition | Bill Date | Full call number | Accession Number | Price effective from | Koha item type |
|---|---|---|---|---|---|---|---|---|---|---|---|---|
| NASSDOC Library | NASSDOC Library | 26/12/2006 | Gifted by : Sales Division, ICSSR | 2006-11-08 | 342.95402089 BEH-T | 43072 | 18/04/2019 | Books |
